Islam and the modern muslim world

Bibliographic Details
Main Author: Choudhury, G.W
Format: Book
Published: Kuala Lumpur : WHs Publications Sdn. Bhd. , 1994
Subjects:

MARC

LEADER 00000cam a2200000 7i4500
001 0000000141
005 20050627.0
020 |a 0905906483 
040 |a INS 
090 0 0 |a BP173.6.   |b C46 1994 
100 1 |a Choudhury, G.W. 
245 1 0 |a Islam and the modern muslim world   |c G.W. Choudhury 
260 |a Kuala Lumpur :   |b WHs Publications Sdn. Bhd. ,   |c 1994 
300 |a 240p ;   |c 22cm. 
650 0 0 |a Islam 
999 |a 0000005801   |b BOOK   |c Open Shelf   |e Default branch